000 01301nam0a2200301 4500
001 RU\NLR\bibl\14414
005 20260406160135.0
021 _aRU
_b98-32531
_91543
035 _a(NLR Aleph) 000014068
090 _a55853
_c55853
100 _a19990226d1998 |||y0rusy50 ca
101 0 _arus
102 _aRU
105 _ay |||||||||
200 1 _aМнения, отзывы и письма
_fСвт. Филарет митр. Московский
210 _aМ.
_cИзд-во им. свт. Игнатия Ставропольского
_d1998
215 _a392 с.
_d25
600 1 _aДроздов
_bВ.М.
_f1782 - 1867
_gВасилий Михайлович
_jПереписка
_91597276
_3RU\NLR\auth\661001137
600 0 _aФиларет
_cДроздов Василий Михайлович
_f1782 - 1867
_xПереписка
_92389766
_3RU\NLR\auth\661425247
686 _aЭ372.24-35-028
700 0 _4070
_7ca
_8rus
_aФиларет
_cДроздов, Василий Михайлович
_cмитрополит Московский и Коломенский
_f1782-1867
_3RU\NLR\AUTH\778137
_9118054
801 0 _aRU
_bNLR
_c19990226
_gPSBO
801 1 _aRU
_bNLR
_c19990226
852 _aNLR
_j98-7/1463
942 _cBOOK
980 _aNB